000 00636nam a2200253Ia 4500
003 OSt
005 20221006143802.0
006 a|||||r|||| 00| 0
007 ta
008 221006b |||||||| |||| 00| 0 eng d
020 _c273.10
024 _a9,963
037 _cTextual
040 _aEASL
_cEASL
_beng
041 _2eng
_aeng
082 _aY15.41.N8, M3
100 _aCROLL Elisabeth
_9248306
245 0 _aChinese women since Mao
260 _aLondon
_bZed Books
_c1983
300 _a128p.
_ccm.
490 _v CEL
942 _hY15.41.N8, M3
_cTEXL
_2CC
999 _c1078049
_d1078049